01338cam a22003497a 4500003000500000005001700005008004100022010000900063011000900072035000900081040000900090090001000099100004000109245014300149260004000292300002300332502009900355590003700454590004100491590004100532590004100573590004200614650003600656650002500692650002500717650004600742901000700788942001000795949004100805999001500846952012700861CHAP20220329133441.0971013s1992 r 00010 d a6542 a7514 a6737 cCHAP aTesis00aHernández García, Noé.954054 0aEvaluación técnica-financiera de la producción de hortalizas en hidroponia bajo dos tipos de invernaderos, Tocuila, Edo. de México aChapingo, Méx. :bEl autor,c1992 a185 h.b; gráfs. aTesis (Ing. Agr. Esp. en Economía Agrícola) -- UACH. Departamento de Economía Agrícola aALEPHb10c20130110lUCH01h1219 aBATCH-UPDb10c20130110lUCH01h0915 aBATCH-UPDb10c20130410lUCH01h0539 aBATCH-UPDb10c20130914lUCH01h1128 aCONVERSIONb10c20130109lUCH01h130514aCultivos en invernadero.93037614aHidroponía.95528014aInvernaderos.96017214aLegumbresxCostos de producción.965702 aBK cTESIS bBCcTESd-16347eTS1h25182i6737si c6542d6542 00102local4051708TESISaBCbBCcPA_TESISd2019-12-31fTESISl0oTesisp-16347r2019-12-31 00:00:00w2019-12-31yTESIS